Boston Bruins 24/25 Official Roster - Statistiques

Statistiques générales
  • Ce quiz a été pris 8 fois
  • Le résultat moyen est 10 sur 23
Statistiques - réponses
Hint Réponse % Correct
LW Brad Marchand
80%
D Charlie McAvoy
80%
RW David Pastrnak
80%
G Jeremy Swayman
80%
C Charlie Coyle
60%
G Jonas Korpisalo
60%
C Tyler Johnson
60%
D Andrew Peeke
40%
D Brandon Carlo
40%
C Elias Lindholm
40%
D Hampus Lindholm
40%
C John Beecher
40%
C Morgan Geekie
40%
C Pavel Zacha
40%
C Trent Frederic
40%
LW Cole Koepke
20%
D Jordan Oesterle
20%
RW Justin Brazeau
20%
C Mark Kastelic
20%
D Mason Lohrei
20%
D Nikita Zadorov
20%
D Parker Wotherspoon
20%
C Marc McLaughlin
0%
Aucun quiz correspondant
Distribution des résultats
% des personnes avec chaque résultat
Percentile par nombre de réponses
Votre historique - résultats
Vous n’avez pas pris ce quiz